.NET Framework professional projects / (Record no. 30997)

MARC details
000 -LEADER
fixed length control field 01333nam a22003257a 4500
005 - DATE AND TIME OF LATEST TRANSACTION
control field 20091022142347.0
008 - FIXED-LENGTH DATA ELEMENTS--GENERAL INFORMATION
fixed length control field 030709s2002 enka 001 0 eng
010 ## - LCCN (DPL NO)
LC control number B-359315
020 ## - INTERNATIONAL STANDARD BOOK NUMBER
International Standard Book Number 8120320492
Terms of availability 525.00
020 ## - INTERNATIONAL STANDARD BOOK NUMBER
International Standard Book Number 9788120320499
Terms of availability 525.00
035 ## - SYSTEM CONTROL NUMBER
System control number B-359315
037 ## - SOURCE OF ACQUISITION
Source of stock number/acquisition UBH/DPL/BL4/RP/10/20.10.09
040 ## - CATALOGING SOURCE
Original cataloging agency dpl
Language of cataloging English
082 ## - DEWEY DECIMAL CLASSIFICATION NUMBER
Classification number 005.276
100 ## - MAIN ENTRY--PERSONAL NAME
Personal name Chakraborti, Angshuman
245 ## - TITLE STATEMENT
Title .NET Framework professional projects /
Statement of responsibility, etc by Angshuman Chakraborti, Uday Kranti [and] Roopendra Jeey Sandhu with NIIT.
246 ## - VARYING FORM OF TITLE
Title proper/short title Microsoft .NET Framework professional projects
260 ## - PUBLICATION, DISTRIBUTION, ETC. (IMPRINT)
Place of publication, distribution, etc New Delhi
Name of publisher, distributor, etc Prentice Hall of India
Date of publication, distribution, etc 2002
270 ## - ADDRESS
Address M-97, Connaught Circus,
City New Delhi
Postal code 110001
300 ## - PHYSICAL DESCRIPTION
Extent xxvi, 943p. :
Other physical details ill. ;
Dimensions 24cm(pbk)
504 ## - BIBLIOGRAPHY, ETC. NOTE
Bibliography, etc Includes index.
650 ## - SUBJECT ADDED ENTRY--TOPICAL TERM
Topical term or geographic name as entry element Microsoft .NET Framework.
650 ## - SUBJECT ADDED ENTRY--TOPICAL TERM
Topical term or geographic name as entry element Internet programming.
650 ## - SUBJECT ADDED ENTRY--TOPICAL TERM
Topical term or geographic name as entry element Computer software
General subdivision Development.
700 ## - ADDED ENTRY--PERSONAL NAME
Personal name Kranti, Uday
700 ## - ADDED ENTRY--PERSONAL NAME
Personal name Sandhu, Roopendra Jeet
942 ## - ADDED ENTRY ELEMENTS (KOHA)
Source of classification or shelving scheme Dewey Decimal Classification
Item type English Books
Classification part 005.276
Call number suffix CHA
Holdings
Withdrawn status Lost status Source of classification or shelving scheme Damaged status Not for loan Collection code Home library Current library Date acquired Source of acquisition Cost, normal purchase price Total Checkouts Total Renewals Full call number Barcode Date last seen Copy number Cost, replacement price Koha item type
    Dewey Decimal Classification     Non-fiction Shahdara Branch Shahdara Branch 22/10/2009 UBH/122/12.10.09/BL4/RP/10/2010.09 525.00 1 1 005.276 CHA B-359315 04/08/2018 1 525.00 English Books

© Delhi Public Library
Hit Counter
free hit counter